[Event "AUTO-ADV-4907"]
[Site "http://www.queenalice.com/game.php?id=1866643"]
[Date "2025.12.6"]
[Round "1"]
[White "maurice916"]
[Black "Carlos19"]
[Result "1-0"]
[WhiteElo "1870"]
[BlackElo "1598"]

1. Nf3 Nc6 2. b3 e5 3. d3 Bc5 4. Bb2 d6 5. e4 Nd4 6. Nxd4 Bd7 7. Nf3 Nf6 8. Nc3
h6 9. Be2 O-O 10. O-O a5 11. a3 b5 12. Nd5 Nxd5 13. exd5 b4 14. axb4 axb4 15. d4
exd4 16. Bxd4 Bxd4 17. Qxd4 Rxa1 18. Rxa1 Qe7 19. Re1 Qf6 20. Qxb4 Qf5 21. Qc4
Rc8 22. Bd3 Qf6 23. Qh4 Qxh4 24. Nxh4 Ra8 25. h3 Ra5 26. Re7 Bb5 27. c4 Ba6 28.
Re8# 1-0

[Event "AUTO-ADV-4907"]
[Site "http://www.queenalice.com/game.php?id=1866644"]
[Date "2025.12.6"]
[Round "1"]
[White "Carlos19"]
[Black "maurice916"]
[Result "1-0"]
[WhiteElo "1688"]
[BlackElo "2018"]

1. e4 c6 2. a4 d5 3. e5 Bf5 4. d3 h5 5. Bg5 Qb6 6. b3 e6 7. h4 Qc7 8. d4 Ne7 9.
Bxe7 Bxe7 10. Bd3 Bxd3 11. Qxd3 Na6 12. Nf3 Nb4 13. Qd2 a5 14. O-O c5 15. c3 Na6
16. Na3 O-O 17. Nb5 Qd7 18. Qd3 Rac8 19. Na7 c4 20. Qd1 Ra8 21. Nb5 cxb3 22. Rb1
b6 23. Qxb3 Qd8 24. c4 dxc4 25. Qxc4 Nb4 26. Qc7 Rb8 27. Qxd8 Rfxd8 28. Rfc1 Nd3
29. Rd1 Nf4 30. Kf1 Nd5 31. Na7 Nc3 32. Nc6 Nxd1 33. Nxd8 Rxd8 34. Rxd1 Bb4 35.
g3 Rd5 36. Ng5 Bc5 37. Nf3 Bb4 38. Rb1 f6 39. exf6 gxf6 40. Ke2 Kf7 41. Kd3 e5
42. Rc1 exd4 43. Rc7+ Kg6 44. Rc6 Bc5 45. Rc8 Rf5 46. Ke4 d3 47. Rd8 Bxf2 48.
Rb8 Bxg3 49. Rg8+ Kf7 50. Rxg3 Rc5 51. Kxd3 Rc6 52. Rg1 Rd6+ 53. Kc4 Ke7 54.
Rg7+ Ke6 55. Rh7 Rd5 56. Nd4+ Rxd4+ 57. Kxd4 Kf5 58. Rxh5+ Kg6 59. Rh8 Kg7 60.
Rb8 Kg6 61. Ke4 Kf7 62. Rxb6 1-0